[Event "Biel SKA"]
[Site "Biel"]
[Date "1991.??.??"]
[Round "10"]
[White "Adams, Michael"]
[Black "Lautier, Joel"]
[Result "1-0"]
[WhiteElo "2615"]
[BlackElo "2560"]
[Annotator "Ftacnik,L"]
[PlyCount "61"]
[EventDate "1991.07.??"]
[EventType "tourn"]
[EventRounds "14"]
[EventCountry "SUI"]
[EventCategory "15"]
[SourceTitle "CBM 025"]
[Source "ChessBase"]
[SourceDate "1991.12.01"]
[SourceVersion "1"]
[SourceVersionDate "1991.12.01"]
[SourceQuality "1"]

1. e4 e6 2. d4 d5 3. Nd2 c5 4. exd5 Qxd5 5. Ngf3 cxd4 6. Bc4 Qd6 7. O-O Nf6 8.
Nb3 Nc6 9. Nbxd4 Nxd4 10. Nxd4 Bd7 11. c3 Qc7 12. Qe2 O-O-O 13. a4 h5 (13...
Ng4 14. g3 h5 (14... a6 $2 15. Nxe6 $1 fxe6 16. Qxg4 h5 17. Qe2 h4 18. Bxe6 $16
{Podlesnik-Kallai,G/Sochi B/1989/}) 15. Bg5 (15. h3 Ne5 16. Bf4 Bd6 17. Bxe5
Bxe5 18. Nb5 Bxb5 19. axb5 h4 20. g4 Bh2+ $13 {Kudrin-Bonin/World op/1989/})
15... Re8 16. Nb5 Qc5 17. Bf4 Bxb5 18. Bxb5 Rd8 19. b4 {Rachels,S-Rahman,Z/Los
Angeles US-op/1991/}) 14. Nb5 Bxb5 15. axb5 Ng4 16. g3 Bc5 17. Kg2 (17. Bg5 Rd7
18. Kg2 Bb6 19. Ra4 Qe5 20. Bf4 Qxe2 21. Bxe2 $14 {Wolff,P-Bonin,J/
Philadelphia op/1990/}) (17. b4 Bb6 18. Kg2 Qe5 19. h3 Qf5 20. hxg4 hxg4 21.
Bf4 g5 22. Qe5 {0,5/Hellers-Djurhuus/Oslo/1991/} Rh2+ $1 23. Kxh2 Qh7+ 24. Kg1
gxf4 $1 25. Rfd1 Rh8 26. Kf1 fxg3 27. Ke2 $13 {Djurhuus}) 17... Kb8 $6 (17...
Qe5 $5) 18. Ra4 Rhe8 (18... Qe5 $2 19. Bf4 $18) 19. h3 Nf6 (19... Ne5 20. Qxh5
$16) 20. Bg5 Rd7 21. Rfa1 Nd5 $2 (21... Bb6 $16) 22. Bxd5 (22. b6 Nxb6 (22...
Qc6 23. Kh2 a6 24. Bb5 $1) 23. Rxa7 $16) 22... Rxd5 23. Bf4 e5 (23... Bd6 24.
Rxa7 $18) 24. b4 Qd7 (24... Bb6 25. c4 Rd4 26. c5 $18) 25. Bg5 (25. bxc5 exf4
26. Rxa7 Rxe2 27. b6 f3+ $1 28. Kxf3 Qf5+ $19) 25... Bb6 26. c4 Rd3 27. c5 Qxb5
28. Kh2 (28. cxb6 $2 Rxg3+ 29. Kf1 Rg1+) 28... Bc7 29. Rxa7 Kc8 30. Ra8+ Bb8
31. Rd1 {Ftacnik,L} (31. Rd1 e4 32. Bf4 $18) 1-0

[Event "EU-ch 15th"]
[Site "Yerevan"]
[Date "2014.03.14"]
[Round "11"]
[White "Laznicka, Viktor"]
[Black "Lupulescu, Constantin"]
[Result "0-1"]
[WhiteElo "2681"]
[BlackElo "2643"]
[Annotator "Ftacnik,L"]
[PlyCount "62"]
[EventDate "2014.03.03"]
[EventType "swiss"]
[EventRounds "11"]
[EventCountry "ARM"]
[SourceTitle "CBM 160"]
[Source "ChessBase"]
[SourceDate "2014.05.15"]
[SourceVersion "1"]
[SourceVersionDate "2014.05.15"]
[SourceQuality "1"]

1. e4 e6 2. d4 d5 3. Nd2 c5 4. exd5 Qxd5 5. Ngf3 cxd4 6. Bc4 Qd6 7. O-O Nf6 8.
Nb3 Nc6 9. Nbxd4 Nxd4 10. Nxd4 a6 11. Bb3 Qc7 12. Re1 Bd6 13. Nf5 Bxh2+ 14. Kh1
O-O 15. Nxg7 {The final rounds at olympiads tend to be cursed for the Czech
players, but this is valid also on other occasions. Laznicka needed a draw to
qualify, but he has the soul of a fighter. The dramatic variation with the
sacrifice of the knight on g7 was much analysed, but White is not likely to
get any advantage.} Rd8 16. Qf3 Kxg7 17. Bh6+ Kg6 18. c3 (18. c4 Nh5 $1 19. Be3
f5 20. g4 Nf6 21. gxf5+ exf5 22. Qg2+ Ng4 23. f3 Bd7 $1 24. Bc2 Bg3 25. Qh3
Nxe3 26. Rxe3 Qf4 $132 {1/2-1/2 Zifroni,D-Peker,O/ISR t-ch 1996 (49)}) (18.
Rad1 $5 Rxd1 19. Rxd1 Bd7 (19... Be5 $142 20. Qe3 Ne4 $1 $13) 20. Rd4 Qe5 21.
Be3 Bc6 $2 22. Rg4+ $1 Nxg4 23. Qxg4+ Kf6 24. Qh4+ Kg7 25. Bd4 $18 {Korneev,
O-Vakhidov/Ubeda op/1997/}) 18... Nh5 $1 {All the way up to this moment the
game pretty much plays itself. The real alternatives are beginning for White
only in connection with the 19th move.} (18... Nd5 $2 19. Rad1 $1 f5 20. Bc1 $1
Bd6 (20... Be5 21. c4 $18) 21. Bxd5 exd5 22. Rxd5 {1-0 (28) Adams,M-Dreev,A/
Wijk aan Zee A 1996 (28)}) 19. Be3 (19. Bc1 f5 (19... Bf4 $1 20. g4 Ng3+ $1 21.
fxg3 Bxc1 (21... Bxg3 $4 22. Bc2+ f5 23. gxf5+ $18) 22. Raxc1 b6 $1 (22... Bd7
23. Qe3 $1 $36 Bc6+ 24. Kh2 {/\ Bc2, Qg5} Qe7 (24... h6 $5 25. Bc2+ $140 Kg7
26. g5 h5) 25. Rf1 $1 Rd7 26. Rf2 $1 $16 {Supper-Wolna/corr 1996}) 23. Bc2+ (
23. Qe3 Bb7+ 24. Kh2 Qc5 $1 25. Qf4 Qg5 26. Bc2+ Kh6 27. Rcd1 Qxf4 28. gxf4 Bf3
$11 {1/2 (37) Solovjov,S (2456)-Ivanov,S (2574) St Petersburg 2005}) 23... Kg7
24. Be4 Ra7 (24... Rb8 25. Rf1 Qe7 $11 {Bowden,K-Levitt,J/England 1997
Bowden-Levitt, England 1997}) 25. Rc2 (25. Rcd1 Bb7 26. Kg2 Rxd1 27. Rxd1 Qe5
28. Bxb7 Rxb7 29. Rd8 Rc7 30. Qa8 {1/2 (30) Sethuraman,S (2560)-Batchuluun,C 
(2517) Incheon 2013}) 25... Bb7 (25... Qe5 26. Rh2 h6 27. Rh5 f5 28. Qf2 Rf7
29. Bg2 $14 {1/2-1/2 Hermansson,E-Barsov,A/Oxford GM-B 1998 (29)}) 26. Rh2 (26.
Rf2 Bxe4 27. Rxe4 Qe7 {˝-˝ (31) Rogovoi,M-Biriukov,O/St.Petersburg Chigorin
1998 (31)}) 26... Bxe4 27. Qxe4 Qb7 $1 28. Rxh7+ Kg8 29. Qxb7 Rxb7 30. Rh2 Rd3
31. Kg2 Rd2+ (31... Rbd7 32. Re2 b5 33. Rh1 Rd2 34. Kf2 R7d3 35. Rhe1 {1/2-1/2
(39) McShane,L-Levitt,J/BCF t-ch 1998 (56)}) 32. Kh3 Rxh2+ 33. Kxh2 Rd7 34. Re2
Kg7 {1/2 (38) Brodsky,M (2530)-Glek,I (2566) Wijk aan Zee 1999}) 20. g4 (20.
Bxe6 Ng7 (20... Bf4 21. g4 fxg4 22. Qxg4+ Kh6 23. Bxc8 $18) 21. Bxc8 (21. Bb3
Bd6 22. g4 (22. Qh3 Bf4 $17) 22... f4 23. Qe4+ Kf6 $13) 21... Raxc8 22. g3 Bxg3
23. fxg3 Qc6 $11 {1/2 (41) Womacka,M (2493)-Harikrishna,P (2568) Pardubice 2002
}) 20... b5 (20... Bd7 $1 21. gxh5+ (21. gxf5+ exf5 22. Bf7+ Kg7 $5 23. Bh6+
Kh8 24. Qxh5 Bc6+ 25. f3 Qg3 26. Rf1 Rg8 $1 $19) (21. Bxe6 Bc6 22. Bxf5+ Kg7
23. Be4 Rf8 24. Qg2 Bxe4 25. Rxe4 Nf6 26. Re6 Bf4 $17) (21. Qg2 Bf4 $5 22.
gxh5+ Kf6 $36) 21... Kg7 22. Qg2+ Kh8 $1 (22... Kf7 23. Qh3 Kf6 24. Bh6 Rg8 25.
Rad1 $36 {XKf6}) 23. Bg5 Be5 $1 24. Bxd8 Qxd8 $1 25. Rxe5 Bc6 26. Bd5 $8 Qh4+
27. Qh2 Bxd5+ 28. Rxd5 Qe4+ $11 {1/2 (31) Blehm,P (2420)-Ivanov,S (2515)
Krynica 1997}) (20... Nf4 21. gxf5+ exf5 22. Rg1+ Kf6 23. Kxh2 Ne2+ 24. Rg3
Nxg3 25. Bf4 $40) 21. gxh5+ Kg7 (21... Kf6 22. Qh3 $2 (22. Qe3 $1 $18) (22.
Qxa8 Bb7+ 23. Qxb7 Qxb7+ 24. Kxh2 $16) 22... Rg8 23. Qe3 Qd6 24. Qh6+ Kf7 25.
Qxh7+ Kf6 {1/2:1/2 Lukin-Kashtanov, St.Petersburg 1997}) 22. Qg2+ Kf7 23. Qh3 {
1-0 (32) Adams,M (2685)-McDonald,N (2500) England 1997}) (19. Re4 Kxh6 20. Rh4
Qe5 $5 (20... Kg7 21. Qxh5 Bf4 22. Qg4+ Kf8 23. Qxf4 Qxf4 24. Rxf4 Bd7 $11) 21.
Rxh2 (21. Qxf7 Rd7 (21... Qf5 22. Rxh5+ Qxh5 23. Qf6+ Qg6 24. Qh4+ Qh5 25. Qf6+
{1/2 (25) Geenen,M (2293)-Barsov,A (2526) France 2007}) (21... Bd7 22. Bd1 $1
Be8 23. Rxh5+ Qxh5 24. Qf8+ $18) 22. Qf8+ Qg7 23. Qf3 Qf7 24. Qg4 Qg6 25. Qh3
Bc7 $19 {0-1 (34) Berelowitsch,A (2468)-Barsov,A (2539) Dieren 1999}) (21. Bd1
Kg7 22. Rxh5 f5 23. Qh3 Bf4 24. Rxh7+ Kg8 25. Bb3 Rd7 $17) (21. g4 Kg7 (21...
Bd7 22. Qxf7 (22. Qh3 Bc6+ 23. f3 Qg3 24. Rxh5+ Kg7 25. Rxh7+ Kf8 26. Qh6+ Ke8
$1 27. Rxf7 $5 Bxf3+ 28. Rxf3 Qxf3+ 29. Kxh2 Qf2+ 30. Kh1 Rd2 31. Qxe6+ Kd8 32.
Qg8+ Kc7 33. Qf7+ $17) 22... Be8 23. Rxh5+ $5 (23. Qf8+ Qg7 $2 (23... Kg5 $1)
24. g5+ Kxg5 25. Rxh5+ $18) 23... Qxh5 24. Qf8+ Kg5 25. Qe7+ Kxg4 26. Bxe6+ Kf3
27. Qxb7+ Kf4 $19) 22. Rxh5 Qf4 23. Qh3 Bd7 24. Rxh7+ Kf8 25. Rh8+ Ke7 26. Qh4+
f6 27. Rh7+ Kf8 28. Rh8+ $11) (21. Bc2 Bf4 22. g4 Kg7 23. Rxh5 Qf6 24. Rxh7+
Kf8 $19) 21... Bd7 22. Qxf7 Bc6 23. f4 Qf5 24. Qxf5 exf5 25. Bf7 Rd2 26. Bxh5
Rxg2 27. Be2+ Rxh2+ 28. Kxh2 $11 {1-0 (59) Luther,T (2547)-Schlecht,D (2348)
Boeblingen 2000}) 19... f5 (19... Bf4 20. g4 $36) (19... Nf6 $2 20. Bc2+ Kg7
21. Bh6+ $18) 20. g4 (20. g3 Bxg3 (20... b5 $5 21. Kxh2 Bb7 22. Qe2 Qc6 $40)
21. fxg3 b5 $17) 20... Nf6 (20... b5 21. gxh5+ Kg7 (21... Kf6 22. Bd4+ e5 23.
Kxh2 exd4+ 24. Kh3 $13) 22. Qg2+ Kh8 23. Bd4+ e5 24. Qxh2 $16) 21. gxf5+ (21.
Bc2 h5 22. gxf5+ exf5 23. Qg2+ Ng4 24. f3 Bg3 25. fxg4 hxg4 26. Bd4 Rxd4 27.
cxd4 Bd7 28. Kg1 Rh8 29. Re3 Rh3 30. Qd5 Bf2+ {0-1 (30) Sax,G (2576)-Tukmakov,
V (2604) Pula 2001}) 21... exf5 (21... Kf7 $6 22. fxe6+ Ke7 23. Bg5 $40) 22.
Rg1+ $6 $146 {[%mdl 4] The tension in the game culminates; White's novelty
will miss the point, especially the picture of the time consumed so far is
somewhat depressing as Laznicka was left with only 3 minutes on the clock. He
has most likely struggled to remember the details of the solution in a very
complex position. The previous games have featured only a check on the
g2-square.} (22. Qg2+ Ng4 23. f3 b5 $1 (23... Bg3 24. fxg4 f4 $5 25. Rg1 Bxg4
$13) 24. Bc2 (24. Bd4 Kg5 $1 (24... Bb7 25. Re6+ Kg5 26. Bf6+ Kf4 27. Re4+ $1
Bxe4 28. fxe4 Nxf6 29. Qxh2+) (24... h5 25. fxg4 Bb7 26. gxf5+ Kh6 27. Re4 Rg8
28. Qf3 Rg3 29. Be3+ Kg7 30. Bd4+ Kf8 31. Be3 {1/2 (31) Barua,D (2555)
-Harikrishna,P (2354) Udaipur 2000}) 25. Be3+ (25. Rad1 Bb7 26. Re6 Qg3) (25.
Be6 Bg3 26. Bxc8 Bxe1 27. Bxf5 Qh2+ 28. Qxh2 Nxh2 29. Be4 Bg3 $19 {1/2 (51)
Flores,D (2448)-Rodriguez Guerrero,E (2407) Santa Clara 2004}) 25... Kg6 $11)
24... Kf7 (24... Bg3 25. fxg4 Bb7 26. gxf5+ Kf7 27. Be4 $40) (24... Kf6 25.
Bd4+ Rxd4 26. cxd4 $36 Bb7 27. Bxf5 Nf2+ 28. Qxf2 Qf4 29. Bh3 Rg8 30. Re6+ Kf7
31. d5 Bxd5 32. Qa7+ Qc7 33. Qxc7+ Bxc7 34. Re3 Rg3 $11 {1/2 (36) Alarcon
Casellas,R (2398)-Hevia Alejano,C (2481) Havana 2010}) 25. Bb3+ Kg6 (25... Kg7
26. Bd4+ Kf8 $1) 26. Bc2 $11) 22... Bxg1 23. Rxg1+ Ng4 24. Qh3 (24. Rxg4+ fxg4
25. Bc2+ Kg7 (25... Kh5 26. Qe2 Qe5 $19) 26. Qe2 Be6 $19) (24. Bf4 Qe7 25. Bc2
Kg7 26. Qh3 h5 $19) 24... h5 (24... Qc6+ 25. f3 Kg7 26. Rg2 b6 (26... b5 27.
Qh4 Rd7 28. Qg5+ Qg6 29. Bd4+ Kf8 30. Bc5+ $11) 27. Qg3 Bb7 28. Qe5+ Qf6 29.
Rxg4+ fxg4 30. Bh6+ Kg6 31. Bc2+ Kf7 32. Bb3+ $11) 25. f3 {White might have
hoped to benefit from the immediate attack enabled by the exchange sacrifice.
Then reality took over and he discovered its charming refutation.} (25. Rxg4+
fxg4 26. Bc2+ Bf5 27. Bxf5+ Kg7 28. Qxh5 (28. Qf1 Qf7 $19) 28... Rd1+ 29. Kg2
Qc6+ $19) 25... Qe5 $1 {Lupulescu does not have to to strain himself any more
since in order to win he just needs a dose of modesty and good nerves. Black
will return the lion's share of his extra material, but a safe king and two
extra pawns will secure him an easy win.} 26. fxg4 (26. Bd4 Rxd4 27. cxd4 Qxd4
28. Qg2 Qe5 29. Rd1 Be6 30. Bxe6 Qxe6 31. fxg4 hxg4 $19) 26... fxg4 27. Bd4 (
27. Qf3 Bf5 28. Bd4 Qe4 $19) 27... Qe4+ 28. Rg2 (28. Kh2 Bf5 $19) 28... Bf5 29.
Qg3 (29. Qh4 Rxd4 30. cxd4 Rc8 $19) 29... Rxd4 $1 {After the elimination of
the dark-squared bishop White will be left without any pieces with which to
invade and Black's material superiority will easily decide.} (29... h4 30. Qxh4
Rxd4 31. cxd4 (31. Bc2 Rd3 32. Bxd3 Qxd3 33. Rxg4+ Bxg4 34. Qxg4+ Kf7 $19)
31... Rc8 32. Qh3 Qf4 $19) 30. cxd4 Qxd4 31. Kh2 Rd8 {Laznicka did not win in
the penultimate round and in the last game he simply tried too hard...} (31...
Rd8 32. Rf2 h4 33. Qxh4 Rh8 34. Bf7+ Kxf7 35. Rxf5+ Ke6 36. Rh5 g3+ 37. Kxg3
Qe3+ 38. Kh2 Qe2+ 39. Kg3 Rxh5 $19) 0-1

[Event "Hoogovens"]
[Site "Wijk aan Zee"]
[Date "1996.01.21"]
[Round "7"]
[White "Adams, Michael"]
[Black "Dreev, Alexey"]
[Result "1-0"]
[WhiteElo "2660"]
[BlackElo "2670"]
[Annotator "Ftacnik,L"]
[PlyCount "55"]
[EventDate "1996.01.13"]
[EventType "tourn"]
[EventRounds "13"]
[EventCountry "NED"]
[EventCategory "17"]
[SourceTitle "CBM 051"]
[Source "ChessBase"]
[SourceDate "1996.04.01"]
[SourceVersion "1"]
[SourceVersionDate "1996.04.01"]
[SourceQuality "1"]

1. e4 e6 2. d4 d5 3. Nd2 c5 4. exd5 Qxd5 5. Ngf3 cxd4 6. Bc4 Qd6 7. O-O Nf6 8.
Nb3 Nc6 9. Nbxd4 Nxd4 10. Nxd4 a6 11. Re1 Qc7 12. Bb3 Bd6 13. Nf5 Bxh2+ 14. Kh1
O-O (14... Kf8 15. g3 (15. Nxg7 Kxg7 16. Qd2 h6) (15. Qd4 $5) 15... exf5 16.
Bf4 Qc6+ 17. Kxh2 $14) 15. Nxg7 Rd8 (15... Kxg7 16. Qd4 $1 $14) 16. Qf3 (16.
Qe2 $1 Kxg7 17. g3 Bxg3 (17... b5 18. Kxh2 Bb7 19. Bg5 Qc6 20. Rg1 $16) 18.
fxg3 b5 19. Bf4 Bb7+ 20. Kh2 Qc5 21. Be5 $1 Kg6 $8 22. Bxf6 Kxf6 23. Rf1+ Kg6
24. Bxe6 $1 (24. Rxf7 Rd2 $1 25. Qxd2 Qh5+ 26. Kg1 Qh1+ 27. Kf2 Qg2+ 28. Ke1
Qxd2+ 29. Kxd2 Kxf7 $10) 24... Qh5+ $8 25. Qxh5+ Kxh5 26. Bxf7+ Kg5 27. Rad1
$14 {Adams,M-Dreev,A/Debrecen EUchT/1992/}) 16... Kxg7 17. Bh6+ (17. g3 b5 18.
Bf4 $6 (18. Kxh2 Bb7 19. Qf4 Qc6 20. Rg1 Rd1 $1 21. Be3 Rxa1 22. Qg5+ (22. Qh6+
Kg8 23. Qg5+ Kf8 24. Qc5+ Ke8 25. Qxc6+ Bxc6 26. Rxa1 Ng4+ 27. Kh3 Nxe3 28.
fxe3 Rd8 $15 {Wolff,P-Gulko,B/USA-ch Durango/1992/}) 22... Kf8 23. Qc5+ Ke8 24.
Qxc6+ Bxc6 25. Rxa1 Ng4+ 26. Kh3 Nxe3 27. fxe3 Rd8 28. a4 Rd2 29. axb5 axb5 30.
Ra6 Bg2+ 31. Kg4 Rf2 $17 {Kotronias-Chernin/Munich op/1992}) 18... Bb7 19. Bxc7
Bxf3+ 20. Kxh2 Ng4+ 21. Kg1 Rd2 22. Rf1 Rc8 {0-1 Ye Rongguang-Dolmatov,S/
Moscow Alekhine op/1992/}) 17... Kg6 18. c3 (18. c4 $6 Nh5 $1 $8 19. Be3 f5 20.
g4 Nf6 21. gxf5+ exf5 22. Qg2+ Ng4 $1 23. f3 Bd7 24. Bc2 (24. fxg4 Bc6 25.
gxf5+ Kh5 $1 $19) 24... Bg3 $1 25. fxg4 Bc6 26. Bxf5+ Kg7 27. Be4 Bxe1 28. Bh6+
$5 Kxh6 $2 (28... Kg8) 29. Qh3+ $10 {= Gufeld,E-Ravi,L/Calcutta/1994/}) 18...
Nd5 (18... Nh5 $5 19. Re4 $1 Kxh6 20. Rh4 Qe5 $1 (20... Kg7 21. Qxh5 Bf4 $1 22.
Qg4+ Kf8 23. Qxf4 Qxf4 24. Rxf4 Bd7 $10)) (18... Rd5 19. Bc2+ Rf5 20. g4 $16)
19. Rad1 $1 $146 {Adams comes with extremely important novelty that changes
the evaluation of the whole line.} (19. Bc1 Bf4 20. Bxd5 $1 Bxc1 21. Be4+ f5
22. Raxc1 fxe4 23. Rxe4 Rd5 24. Rg4+ Rg5 25. Rxg5+ Kxg5 26. Rd1 $1 (26. Qf8 b5)
26... Qf4 27. Qd3 e5 $1 (27... b5 28. Qd8+ Qf6 29. Qc7) 28. Qd8+ Qf6 29. f4+ $8
(29. Qg8+ Kh6 $17) 29... exf4 30. Rd5+ $10 {Berelovich,A-Savchenko,S/Groningen
op/1993/ (36)}) (19. Re4 Kxh6 20. Rg4 $1 Nf4 $1 21. g3 (21. Kxh2 Ng6+ $19)
21... Rd3 $1 22. Qxf4+ Qxf4 23. gxf4 $1 (23. Rxf4 Bxg3 24. fxg3 f5 $17) 23...
Rh3 24. Kg2 Rh5 25. Rh1 Bd7 $6 (25... e5 26. Rg5 Rxg5+ 27. fxg5+ Kxg5 28. Rxh2
$1 Kg6 29. Rh1 $17) 26. Rxh2 Bc6+ 27. Kg1 Rxh2 28. Kxh2 Rd8 29. f5 $1 {1/2-1/2
Khalifman,A-Gulko,B/WchT Luzern/1993/ (56)}) (19. g3 $5 Kxh6 20. Bxd5 Kg7 21.
Be4 Bxg3 $15) 19... f5 (19... Kxh6 20. Rxd5 $1 Kg7 (20... Rxd5 21. Qf6+ Kh5 22.
Re4 Bg3 23. fxg3 Qxg3 24. Bxd5 exd5 25. Re5+ $18) 21. Qg4+ Kf8 22. Rxd8+ Qxd8
23. Kxh2 $14) (19... Bf4 $2 20. Bxf4 Nxf4 21. Qg4+ Kh6 22. Qh4+ Kg7 23. Rxd8
$18) 20. Bc1 Bd6 $6 {In effect the losing move, black had only chance to put
up a resistance with} (20... Be5 $5 21. Bxd5 (21. c4 Nb4 22. Rxd8 Qxd8 23. Rxe5
Nd3 24. Qg3+ Kf7 25. Bg5 Nxf2+ 26. Kg1 Qd4 $15) 21... Rxd5 (21... exd5 22. Qe3
(22. Rxd5 $2 Rxd5 23. Qxd5 Bg7 24. Re8 Rb8 $17) 22... Bf6 (22... Bg7 23. Qg5+
Kf7 24. Bf4 $18) (22... Re8 23. Qh6+ Kf7 24. Qh5+ Kf8 25. Bh6+ Ke7 26. Rxd5)
23. Qh6+ Kf7 24. Bg5 Bg7 25. Qh5+ Kf8 26. Rxd5 $1 $18) 22. Rxd5 exd5 23. Qe3
Kf7 (23... Bf6 24. Qh6+ Kf7 25. Qh5+ $18) 24. Qxe5 Qxe5 25. Rxe5 Be6 26. Be3
$14) (20... b5 21. g3 Bxg3 22. Rg1 $16) 21. Bxd5 exd5 22. Rxd5 Bd7 (22... Be7
23. Bf4 $1 $18) (22... h6 23. Red1 Be6 (23... Be7 24. Bf4 $18) 24. Rxd6 Rxd6
25. Qg3+ $18) 23. Qh3 $1 {Black K is akwardly located on the g6, all four
white pieces are ideally coordinated in the attack.} Bf8 (23... h5 24. Qh4 Bf8
(24... Bc8 25. Qg5+ Kf7 26. Qxh5+ Kg8 27. Qg6+ Kh8 28. Bg5 Qh7+ 29. Qxh7+ Kxh7
30. Bxd8 $18) 25. Qg5+ Kh7 26. Qxh5+ Kg7 27. Bh6+ Kg8 28. Qg6+ Kh8 29. Re7 $18)
24. Re3 Kg7 (24... f4 25. Qh5+ Kg7 26. Red3 $1 (26. Rg5+ Kf6 (26... Kh8 27. Qf7
$18) 27. Re4 Be8 28. Qh4 $18) 26... Kg8 27. Qd1 $18) (24... h6 25. Rg3+ Kh7 26.
Qh5 $18) 25. Rg3+ Kh8 (25... Kf7 26. Qxh7+ Ke6 27. Qxf5+ Ke7 28. Bg5+ Ke8 29.
Qg6#) (25... Kf6 26. Bg5+ Kf7 27. Qxh7+ Bg7 28. Bxd8 $18) 26. Qh4 {The triumph
of the attacking effort is clear, black struggles to avoid the mate.} Be6 (
26... Bg7 27. Bh6 $1 (27. Rxg7 Kxg7 28. Qe7+ Kg6 29. Rd6+ $18) 27... Rg8 28.
Bxg7+ Rxg7 29. Rxg7 Kxg7 30. Qe7+ $18) 27. Bf4 Be7 $6 (27... Rxd5 28. Bxc7 Bg7
29. Qe7 Rd7 30. Qxe6 Rxc7 31. Rf3 $18) 28. Bxc7 (28. Bxc7 Bxh4 29. Be5+) 1-0

[Event "Olympiad-31"]
[Site "Moscow"]
[Date "1994.12.04"]
[Round "4.1"]
[White "Rozentalis, Eduardas"]
[Black "Nikolic, Predrag"]
[Result "1-0"]
[WhiteElo "2595"]
[BlackElo "2655"]
[Annotator "Ftacnik,L"]
[PlyCount "61"]
[EventDate "1994.12.01"]
[EventType "team-swiss"]
[EventRounds "14"]
[EventCountry "RUS"]
[SourceTitle "CBM 045"]
[Source "ChessBase"]
[SourceDate "1995.04.01"]
[SourceVersion "1"]
[SourceVersionDate "1995.04.01"]
[SourceQuality "1"]
[WhiteTeam "Lithuania"]
[BlackTeam "Bosnia&Herzegovina"]
[WhiteTeamCountry "LTU"]
[BlackTeamCountry "BIH"]

1. e4 {Gagarin} e6 2. d4 d5 3. Nd2 a6 4. Ngf3 c5 5. dxc5 Bxc5 6. Bd3 Ne7 7. O-O
Nbc6 8. c3 (8. Nb3 {Gagarin} Bd6 9. Qe2 Qc7 10. Bg5 dxe4 11. Bxe4 $14) 8... O-O
9. Qe2 Ng6 (9... Ba7 10. Re1 Ng6 11. Nf1 Qc7 12. Bc2 d4 13. e5 Rd8 14. Bg5 Re8
15. cxd4 Nxd4 16. Nxd4 Bxd4 17. Rad1 Bc5 18. h4 h6 19. h5 Nf8 20. Bh4 Be7 21.
Bxe7 Qxe7 22. Ng3 $14 {Conquest,S-Machulsky,A/Alma-Ata/1989/0-1 (38)}) 10. Nb3
dxe4 (10... Bd6 11. Bg5 Qc7 (11... f6 12. Be3 Nf4 13. Bxf4 Bxf4 14. Rad1 $14 {
Kholmov/}) 12. exd5 exd5 13. h3 Nf4 14. Bxf4 Bxf4 15. Rad1 (15. Rfd1 $10 {
Gagarin Kholmov,R-Dolmatov,S/Volgodonsk/1983/1:0/39/}) 15... Be6 16. Nbd4 Rae8
17. Rfe1 g6 18. Qc2 Bc8 19. Bf1 Na5 20. g3 Bh6 21. Bg2 Nc4 22. Nh2 $14 {
Kholmov,R-Dolmatov,S/Volgodonsk/1983/1-0 (39)}) (10... Ba7 $5) 11. Bxe4 Bd6 12.
Be3 Qc7 (12... Nf4 $2 13. Bxf4 Bxf4 14. Bxh7+ Kxh7 15. Qe4+ $16) 13. Rad1 Rd8 (
13... e5 $6 14. Rxd6 Qxd6 15. Bc5 Qc7 16. Bxc6 bxc6 17. Bxf8 Kxf8 18. Rd1 $14)
14. Qc4 $1 Bd7 (14... Nge7 $5) (14... Nce5 $6 15. Nxe5 Nxe5 16. Qxc7 Bxc7 17.
Rxd8+ Bxd8 18. Rd1 $16) 15. Bxg6 hxg6 16. Ng5 $1 Be7 (16... Bxh2+ 17. Kh1 Be5
18. Qh4 $40) (16... Ne7 17. Qh4 Nf5 18. Qh7+ Kf8 19. Nd4 $16) 17. Nc5 (17. Qh4
{Gagarin} Bxg5 18. Bxg5 f6 $10) 17... Ne5 (17... Bxg5 18. Bxg5 $16) (17... Bxc5
18. Qh4 $1 b6 (18... Ne7 19. Qh7+ Kf8 20. Qh8+ Ng8 21. Nh7+ Ke7 22. Bg5+ $18) (
18... Bxe3 19. fxe3 Ne5 (19... f6 20. Rxf6 $1 gxf6 21. Qh7+ Kf8 22. Qf7#) 20.
Qh7+ Kf8 21. Qh8+ Ke7 22. Qh4 $3 Rh8 (22... f6 23. Rxf6 gxf6 24. Qh7+ Ke8 25.
Qg8+ Ke7 26. Qg7+ Ke8 27. Nh7 $18) (22... Kf8 23. Rxf7+ Nxf7 24. Rf1 $18) 23.
Nh7+ f6 (23... Ke8 24. Nf6+ gxf6 25. Qxh8+ Ke7 26. Qxf6+ Ke8 27. Qh8+ Ke7 28.
Qxa8 $18) 24. Rxf6 $1 Rxh7 25. Qb4+ Kxf6 26. Rf1+ Nf3+ 27. Rxf3+ Kg5 28. Qe7+
Kg4 29. h3+ Rxh3 30. Rxh3 $16) 19. Qh7+ Kf8 20. Qh8+ Ke7 21. Qxg7 Rf8 22. Ne4
$18) 18. Qh4 $1 (18. Qf4 Bxg5 (18... Bxc5 $6 19. Nxf7 Bxe3 20. fxe3 Bb5 21.
Rxd8+ Rxd8 22. Nxd8 Bxf1 23. Kxf1 Qxd8 24. Qxe5 $16) 19. Qxg5 Bb5 $13) 18...
Bxc5 (18... Bxg5 19. Bxg5 f6 20. Bxf6 $5 (20. Be3 Qc6 $13) (20. Ne4 $1 {Gagarin
} fxg5 21. Nxg5 Nf7 22. Qh7+ Kf8 23. f4 $1 $40) 20... gxf6 21. Ne4 f5 22. Ng5
Bc6 23. Nxe6 Bxg2 $1 24. Rxd8+ Rxd8 25. Qxd8+ Qxd8 26. Nxd8 Bxf1 27. Kxf1 $16)
19. Bd4 $1 Be8 (19... Bxd4 20. cxd4 Nc6 (20... Nc4 21. Rc1 $16 (21. Rc1 {
Gagarin} b5 22. b3 Qa5 23. bxc4 bxc4 24. Rxc4 Qxa2 25. Rc3 $40)) 21. d5 exd5
22. Qh7+ Kf8 23. Rfe1 Ne5 24. Qh8+ Ke7 25. Qxg7 $18) 20. Rfe1 Rd5 (20... Bxd4
21. cxd4 Nc4 (21... Rac8 {Gagarin} 22. f4 $1 (22. Qh7+ Kf8 23. Qh8+ Ke7 24.
Qxg7 Ng4 $1 25. Rxe6+ Kd7 26. Qe5 $5 Qxe5 $8 27. dxe5+ Kc7 28. Re7+ Kb6 $17)
22... Ba4 23. Qh7+ Kf8 24. fxe5 Bxd1 25. Nxe6+ $1 fxe6 26. Rf1+ Ke8 $8 27.
Qxg6+ Kd7 28. Rf7+ Kc6 29. Qxe6+ Kb5 30. Rxc7 Rxc7 $16) 22. Rxe6 $18) 21. f4
Rad8 (21... Bxd4+ 22. cxd4 Nc6 23. Qh7+ Kf8 24. Rxe6 $1 fxe6 25. Qh8+ Ke7 26.
Qxg7+ $18) 22. fxe5 R8d7 (22... Rxe5 23. Qh7+ (23. Rxe5 {Gagarin} Qxe5 24. Nxf7
$1 $18) 23... Kf8 24. Nxe6+ $1 Rxe6 (24... fxe6 25. Qh8+ Ke7 26. Qxg7+ Bf7 27.
Rxe5 $18) 25. Qxg7+ Ke7 26. Qf6+ Kd7 27. Rxe6 fxe6 28. Bxc5+ Kc8 29. Qxe6+ $18)
23. Kh1 Bxd4 24. cxd4 Qb6 (24... Qd8 25. Qh7+ Kf8 26. Qh8+ Ke7 27. Qxg7 $18)
25. Re4 Rc7 (25... Qxb2 26. Qh7+ Kf8 27. Rf1 Ke7 (27... Qb5 28. Nxe6+ Ke7 29.
Qh4+ Kxe6 30. Rf6+ $1 $18) 28. Qh4 $1 Kd8 29. Nxe6+ Kc8 30. Nxg7 $18) 26. Rf1
Rcd7 27. Ref4 Rxd4 (27... f5 28. exf6 $18) 28. Qh7+ Kf8 29. Qh8+ Ke7 30. Rxf7+
Kd8 (30... Bxf7 31. Rxf7#) 31. Qxe8+ $1 (31. Qxe8+ Kxe8 32. Rf8+ Ke7 33. R1f7#)
1-0